=LDR 00000nam 2200000 4500 =001 INLIS000000000008259 =005 20130612100145 =008 ***********************************Ind** =035 ##$$0010-061300000008259 =041 ##$$a Ind =082 ##$$a 615.882 =090 ##$$a 615.882, Tie p =100 ##$$a Tierra, Lesley =245 ##$$a Ramuan CIna, tingkatkan kesehatan anda dengan khasiatnya, Lesley, Tierra =260 ##$$a 2000 $b Jakarta =300 ##$$a xi, 224 hlm, 21 cm =650 ##$$a Obat tradisional